مدى فاعلية نظم المعلومات المحاسبية في تحقيق الأمان والتوكيدية والموثوقية في ظل التجارة الإلكترونية /
Saved in:
| Main Author: | |
|---|---|
| Other Authors: | |
| Format: | Thesis |
| Language: | Arabic |
| Published: |
'Amman :
Jami'at 'Amman,
2003
|
| Subjects: | |
| Tags: |
Add Tag
No Tags, Be the first to tag this record!
|
| LEADER | 017700000a22003010004500 | ||
|---|---|---|---|
| 008 | 130716s2003 jo a f 000 0 ara d | ||
| 040 | |a UIAM |b eng | ||
| 041 | |a ara | ||
| 050 | 0 | 0 | |a HF5679 |
| 100 | 1 | |a قشي، ظاهر شاهر يوسف | |
| 242 | 1 | 0 | |a Mada fa'iliyat nizam al-ma'lumat al-muhasibiyah fi tahqiq al-aman wa-al-tawkidiyah wa-al-mawthuqiyah fi zill al-tijarah al-iliktruniyah |
| 245 | 1 | 0 | |a مدى فاعلية نظم المعلومات المحاسبية في تحقيق الأمان والتوكيدية والموثوقية في ظل التجارة الإلكترونية / |c أطروحة تقدم بها، ظاهر شاهر يوسف القشي |
| 260 | |a 'Amman : |b Jami'at 'Amman, |c 2003 | ||
| 300 | |a p. : |b ill ; |c 30 cm. | ||
| 500 | |a "إلى مجلس كلية الدراسات الإدارية والمالية العليا إستكمالا لمتطلبات درجة الدكتوراه في جامعة عمان العربية للدراسات العليا" --On t.p. | ||
| 502 | |a Thesis (Ph. D.)--Jami'at 'Amman, 2003. | ||
| 504 | |a Includes bibliographical references. | ||
| 596 | |a 1 4 | ||
| 650 | 0 | |a Accounting |x Data processing | |
| 650 | 0 | |a Information storage and retrieval systems |x Accounting | |
| 650 | 0 | |a Electronic commerce | |
| 655 | |a Theses, Facsimile edition (Islamic) | ||
| 700 | 1 | |a Qishi, Zahir Shahir Yusuf | |
| 900 | |a arf-ls | ||
| 999 | |c 437376 |c 437376 |d 469702 |d 469702 | ||
| 999 | |c 437376 |c 437376 |d 469702 |d 469702 | ||
| 952 | |0 0 |6 TI HF 005679 Q18M 2003 |7 0 |8 THESES |9 757986 |a IIUM |b IIUM |c MULTIMEDIA |g 0.00 |o ti HF 5679 Q18M 2003 |p 00011253431 |r 2017-10-23 |t 1 |v 0.00 |y THESIS | ||
| 952 | |0 0 |6 TI HF 005679 Q18M 2003 |7 0 |8 THESES |9 757987 |a IIiBFL |b IIiBFL |c CLOSEACCES |g 350.00 |o ti HF 5679 Q18M 2003 |p 00011269205 |r 2017-11-09 |t 1 |v 350.00 |y THESIS | ||
